Library of the University of Algiers 3
Ibrahim Sultan Cheibout
شعار جامعة الجزائر 3
مكتبة جامعة الجزائر 3
إبراهيم سلطان شيبوط

خدمات مراقبة الحسابات لسوق المال : (رقم التسجيلة. 42862)

تفاصيل مارك
000 -LEADER
fixed length control field 02334nam a2200241Ia 4500
003 - CONTROL NUMBER IDENTIFIER
control field Ost
005 - DATE AND TIME OF LATEST TRANSACTION
control field 20260507075109.0
008 - FIXED-LENGTH DATA ELEMENTS--GENERAL INFORMATION
fixed length control field 260507s9999||||xx |||||||||||||| ||und||
040 ## - CATALOGING SOURCE
Transcribing agency fsecg
041 ## - LANGUAGE CODE
Language code of text/sound track or separate title ara
082 ## - DEWEY DECIMAL CLASSIFICATION NUMBER
Classification number 330
100 ## - MAIN ENTRY--PERSONAL NAME
Personal name نصر علي، عبد الوهاب
Relator term مؤلف
245 #0 - TITLE STATEMENT
Title خدمات مراقبة الحسابات لسوق المال :
Remainder of title امتطلبات المهنية ومشاكل الممارسات العملية في ضوء المراجعة المصرية والدولية و الأمريكية /
Statement of responsibility, etc. عبد الوهاب نصر علي
260 ## - PUBLICATION, DISTRIBUTION, ETC.
Place of publication, distribution, etc. الاسكندرية:
Name of publisher, distributor, etc. الدار الجامعية,
Date of publication, distribution, etc. 2001
520 ## - SUMMARY, ETC.
Summary, etc. في هذا الكتاب : الجزء الأول : المراجعة الحديثة لحسابات الشركات المقيدة بالبورصة-الفصل الأول : المفاهيم الأساسية لمراجعة الحديثة لحسابات : الفصل الثاني : المعايير العامة للمراجعة الحديثة للحسابات : الفصل الثالث : معايير العمل الميداني للمراجعة : الفصل الرابع : تقرير مراقب الحسابات عن مراجعة القوائم المالية السنوية : الفصل الخامس : أحكام مراقب الحسابات علي الأهمية النسبية وخطر المراجعة : الفصل السادس : الأطار العام لعملية المراجعة الحديثة للحسابات : الفصل السابع : مدخل المعاينة الاحصائية للمراجعة الحديثة للحسابات : الفصل الثامن : مراجعة دورة الإيرادات المتحصلات : الفصل التاسع : مراجعة دورة النفقات والمدفوعات : الفصل العاشر : مراجعة دورة الأجور وخدمات الأفراد : الفصل الحادي عشر : مراجعة دورة المخزون : الفصل الثاني عشر : مراجعة دورة التمويل : الفصل الثالث عشر : مراجعة النقدية.
653 ## - INDEX TERM--UNCONTROLLED
Uncontrolled term تدقيق
653 ## - INDEX TERM--UNCONTROLLED
Uncontrolled term سوق المال
653 ## - INDEX TERM--UNCONTROLLED
Uncontrolled term مالية
653 ## - INDEX TERM--UNCONTROLLED
Uncontrolled term محاسبه الشركات
653 ## - INDEX TERM--UNCONTROLLED
Uncontrolled term مراجعه الحسابا ت
653 ## - INDEX TERM--UNCONTROLLED
Uncontrolled term مراقبة - سوق مالية المحاسبه
942 ## - ADDED ENTRY ELEMENTS (KOHA)
Koha item type كتب
المقتنيات
Withdrawn status Lost status Source of classification or shelving scheme Damaged status Not for loan Home library Current library Date acquired Serial enumeration / chronology Inventory number Total checkouts Full call number Barcode Date last seen Price effective from Koha item type
    Dewey Decimal Classification   NOT LOAN / إعارة داخلية مكتبة كلية العلوم الإقتصادية والعلوم التجارية وعلوم التسيير مكتبة كلية العلوم الإقتصادية والعلوم التجارية وعلوم التسيير 07/05/2026 الطابق الأرضي 1446/1   أ/1446ن1 1446/1 07/05/2026 07/05/2026 كتب

موارد الويب المفتوحة


© University of Algiers 3 All Rights Reserved
|
Implemented by LECHELAH Riad